000 00670nam a2200265Ia 4500
005 20260306164259.0
008 008 260114s9999 xx 000 0 eng d
020 _a9781529213737
037 _aEBOOK
040 _aCRL
040 _beng
040 _cCRL
041 _2eng
041 _aeng
084 _qCRL
100 _aGuillaume, Cã©Cile
_91130340
245 0 _aOrganizing Women: Gender Equality Policies In French And British Trade Unions
260 _bThe Policy Press
260 _c2022
650 _aEconomics & Finance
856 _uhttps://academic.oup.com/book/44204
942 _cEBOOK
999 _c1713489
_d1713489